logo

Bir Sreshtho Munshi Abdur Rouf Library
Jhenaidah Cadet College

The Making of Economics / (Record no. 5279)

MARC details
000 -LEADER
fixed length control field 00604nam a2200241 a 4500
001 - CONTROL NUMBER
JCCL Control Number 5279
003 - CONTROL NUMBER IDENTIFIER
JCCL marc code BD-JhCC
005 - DATE AND TIME OF LATEST TRANSACTION
control field 20171213084832.0
008 - FIXED-LENGTH DATA ELEMENTS--GENERAL INFORMATION
fixed length control field 171211s1987 i |||| ||a| 001 0 eng d
020 ## - INTERNATIONAL STANDARD BOOK NUMBER
International Standard Book Number 0534067867
035 ## - SYSTEM CONTROL NUMBER
system control number (BD-JhCC) 5279
040 ## - CATALOGING SOURCE
Original cataloging agency BD-JhCC
Modifying agency BD-JhCC
041 ## - LANGUAGE CODE
Language code of Book eng
082 ## - DEWEY DECIMAL CLASSIFICATION NUMBER
Classification number 330.9
Author mark and Year CAN 1987
100 ## - MAIN ENTRY--PERSONAL NAME
Personal name Canterbery, E.Ray
245 ## - TITLE STATEMENT
Title The Making of Economics /
Statement of responsibility, etc E.Ray Canterbery
250 ## - EDITION STATEMENT
Edition statement 3rd ed.
260 ## - PUBLICATION, DISTRIBUTION, ETC. (IMPRINT)
Place of publication, distribution, etc America :
Name of publisher, distributor, etc Wadsworth Publishing Company ,
Date of publication, distribution, etc 1987
300 ## - PHYSICAL DESCRIPTION
Pagination 416 p .:
Dimensions 21 cm .
650 ## - SUBJECT ADDED ENTRY--TOPICAL TERM
Topical term or geographic name as entry element Economics
942 ## - ADDED ENTRY ELEMENTS (KOHA)
Source of classification or shelving scheme Dewey Decimal Classification
Koha item type Books
Holdings
Source of classification or shelving scheme Damaged status Not for loan Home library Current library Shelving location Date of accession Total Checkouts Full call number Barcode Date last seen Copy number Koha item type
Dewey Decimal Classification     JCC Rouf Library JCC Rouf Library General Stacks 12/11/2017   330.9 CAN 1987 7195 12/11/2017 C-1 Books

JCC Library | Contacts | JCC Home

Last Update on 23 September 2017
Copyright @ 2017-2020 JCC Rouf Library
Rouf Library, Jhenidah Cadet College (JCC), Bangladesh